000 00462nam a22001457a 4500
008 240412b |||||||| |||| 00| 0 eng d
020 _a0744600247
050 _aHX244.S63 1985
100 _aCoates , David
_952634
245 _aA socialist Anatomy of Britain;
_cDavid Coates.
260 _aGreat Britain:
_bPolity Press;
_c1985.
300 _a291p
_c24cm.
650 _aGreat Britain:
_vsocialism,
_xaddresses, essays, lecturers.
_952635
942 _2lcc
_cMONOGRAPH
999 _c131861
_d131861